000 00685nam a22002172 4500
001 0000021274
005 20151217152229.0
008 120307s xx 000 0 eng d
020 _a8120337497 :
040 _aKABU
_cKABU
245 1 0 _aKnowledge management :
_ban evolutionary view /
_cIrma Becerra-Fernandez, Dorothy Leidner, editors.
250 _a1st ed.
260 _aNew Delhi :
_bPHI,
_c2008.
300 _axiii, 330 p.
650 0 _aKnowledge management.
_@0000150510
700 1 _aBecerra-Fernandez, Irma.
_@0000182080
700 1 _aLeidner, Dorothy.
_@0000182081
852 1 _9p5430 KES
908 _a120307
950 _@1
999 _c9624
_d9624